000 00637nam a22002297a 4500
999 _c2624
_d2624
003 OSt
005 20230801160246.0
008 230801b ||||| |||| 00| 0 eng d
020 _a9789579502740
040 _cKH8
082 _a495 YEH
100 _aYeh, Shao-Ping,
_eauthor.
245 _aAmazing Chinese Teacher's Book 1 /
_cShao-Ping Yeh.
260 _aTaiwan :
_bKang Hsuan Educational Publishing,
_c2019
300 _a135 pages.
650 _aChinese language
650 _aChinese grammar
700 _aTu, Jessy,
_eauthor.
700 _aTam, Hugo Wing-Yu Tam,
_eauthor.
700 _aDaiwei, Wei
_eauthor.
942 _2ddc
_cTR